000 00588nam a2200181Ia 4500
008 151202s9999||||xx |||||||||||||| ||und||
082 _bPNVM-61265
100 _aजोशी व.कृ.
245 _aसंशोाकाचा मृत्यू.
260 _bस्वप्न प्रकाशन पुणे.
260 _c61265
300 _a203
600 _aजोशी व.कृ.
630 _aसंशोाकाचा मृत्यू.
700 _aजोशी व.कृ.
730 _aसंशोाकाचा मृत्यू.
942 _cBOOK
999 _c1327799
_d1327796